000 00752cab a2200217 4500
001 ABS42726
008 090401t1990 xxu||||| |||| 00| 0 eng d
035 _a(Sirsi) u38589
041 _aeng
100 _aSmith, Peter F.
245 _aCompetent landlords
260 _c1990
350 _a0
490 _aRent Review & Lease Renewal
_v10(3) May 1990, 239-247(9)
520 _aExamines the competent landlord provisions under the Landlord and Tenant Act 1954 s44(1)(b) , with particular reference to the recent decision Shelley v United Artists Corporation Ltd (See Abstract). References.
650 _aBUSINESS TENANCIES
650 _aNEW TENANCIES
690 _aLANDLORD AND TENANT-BUSINESS TENANCIES
942 _n0
948 _c04/03/1997
999 _c24800
_d24800